New information technology in education : in Belgium - in the French and Flemish community-
Αποθηκεύτηκε σε:
| Συγγραφή απο Οργανισμό/Αρχή: | |
|---|---|
| Μορφή: | Βιβλίο |
| Γλώσσα: | English |
| Δημοσίευση: |
Luxembourg :
Office for Official Publications of the European Communities,
1992.
|
| Θέματα: | |
| Ετικέτες: |
Προσθήκη ετικέτας
Δεν υπάρχουν, Καταχωρήστε ετικέτα πρώτοι!
|
MARC
| LEADER | 00000cam a2200000 i 4500 | ||
|---|---|---|---|
| 001 | 1/95743 | ||
| 008 | 991208s1992 lu | ||| |||| ||eng|| | ||
| 020 | |a 9282646785 | ||
| 035 | |l 10055437 | ||
| 040 | |a GR-MyUa |b gre |e AACR2 | ||
| 041 | 0 | |a eng | |
| 082 | 7 | |a 371.3078 |2 (22) | |
| 245 | 0 | 0 | |a New information technology in education : |b in Belgium - in the French and Flemish community- / |c Commission of the European Communities. |
| 260 | |a Luxembourg : |b Office for Official Publications of the European Communities, |c 1992. | ||
| 300 | |a [42] σ. ; |c 29 εκ. | ||
| 500 | |a Άνω του τίτλου : Task force human rssources education training youth. | ||
| 650 | 0 | |a Educational technology |z Europe. | |
| 650 | 0 | |a Information technology |z Europe. | |
| 710 | 2 | |a Commission of the European Communities. | |
| 852 | |a INST |b RHODES |e 19991208 |h 371.3078 NEW |p 005400012835 |q 005400012835 |t BK |y 0 | ||
| 901 | |a BIBL4-1999-3 | ||
| 922 | |a 4ΕΛΗ |b 199909 |c ΚΠΣ/154 |d Glory Books | ||
| 970 | |a Χοροζίδου |b Τζένη |z 08/12/1999 | ||